| 000 | 00599nam a2200229Ia 4500 | ||
|---|---|---|---|
| 003 | OSt | ||
| 005 | 20230524113705.0 | ||
| 008 | 210423s2009 xx 000 0 und d | ||
| 020 | _a978-81-203-3140-2 | ||
| 040 | _cAL | ||
| 041 | _aeng | ||
| 082 |
_a519.2 BISP _223 |
||
| 100 |
_aBISWAL (Purna Chandra). _9112149 |
||
| 245 | _aProbability and statistics. | ||
| 260 |
_aNew Delhi _bPHI Learning Pvt Ltd _c2009 |
||
| 300 |
_axiii,374 _bPB |
||
| 365 |
_b275 _cINR |
||
| 650 |
_aMathematics _9112150 |
||
| 650 |
_aProbabilities _9112151 |
||
| 906 | _aProbability ; statistics. | ||
| 942 |
_2ddc _cBK |
||
| 999 |
_c165395 _d165395 |
||